| 000 -CABECERA |
| Longitud fija campo de control |
00593nam a2200157 a 4500 |
| 001 - NÚMERO DE CONTROL |
| Número de control |
4407 |
| 003 - IDENTIFICADOR DEL NÚMERO DE CONTROL |
| Identificador del número de control |
CDMR |
| 005 - FECHA Y HORA DE LA ÚLTIMA TRANSACCIÓN |
| Fecha y hora de la última transacción |
20131024174137.0 |
| 008 - CÓDIGOS DE INFORMACIÓN DE LONGITUD FIJA |
| Códigos de información de longitud fija |
130130s2006||||||||||||||||||||||||||||d |
| 040 ## - FUENTE DE LA CATALOGACIÓN |
| Centro catalogador de origen |
CDMR |
| Lengua de catalogación |
cat |
| Centro transcriptor |
CPC GIRONA |
| 245 #4 - MENCIÓN DE TÍTULO |
| Título |
Els concursos en els mitjans de comunicació audiovisual |
| 260 ## - PUBLICACIÓN, DISTRIBUCIÓN, ETC. (PIE DE IMPRENTA) |
| Fecha de publicación, distribución, etc. |
2006 |
| Nombre del editor, distribuidor, etc. |
Fòrum d'entitats de persones usuaries de l'Audiovisual |
| 260 ## - PUBLICACIÓN, DISTRIBUCIÓN, ETC. (PIE DE IMPRENTA) |
| Nombre del editor, distribuidor, etc. |
Consell de l'Audiovisual de Catalunya |
| 856 40 - LOCALIZACIÓN Y ACCESO ELECTRÓNICO |
| Identificador Uniforme del Recurso (URI) |
<a href="http://www.cac.cat/pfw_files/cma/forum/documents/Els_concursos_en_els_mitjans_de_comunicacio_audiovisual.pdf">http://www.cac.cat/pfw_files/cma/forum/documents/Els_concursos_en_els_mitjans_de_comunicacio_audiovisual.pdf</a> |
| Texto del enlace |
Disponible en línia (PDF) |
| 942 ## - ENTRADA DE ELEMENTOS AGREGADOS (KOHA) |
| Koha [por defecto] tipo de item |
Fullets |
| Fuente de clasificaión o esquema |
|